Diccionario de la Lengua Española (Registro nro. 9788)
[ vista simple ]
| 000 -Cabecera | |
|---|---|
| Campo de control de longitud fija | 00446nam a22001817a 4500 |
| 005 - Fecha y hora de la última transacción | |
| Campo de control | 20250219132649.0 |
| 008 - Elementos de longitud fija--Información general | |
| Campo de control de longitud fija | 130725b2016 xxu||||| |||| 00| 0 eng d |
| 020 ## - International Standard Book Number | |
| Número Internacional Estándar del Libro (ISBN) | 9788416124855 |
| 041 ## - Idioma | |
| Código de idioma | Español |
| 082 ## - Clasificación Decimal Dewey | |
| Número de clasificación | R 463 D545di |
| 245 ## - Título propiamente dicho | |
| Título | Diccionario de la Lengua Española |
| 260 ## - Pie de imprenta | |
| Lugar de publicación, distribución, etc. | México |
| Nombre del editor, distribuidor, etc. | Larousse |
| Fecha de publicación, distribución, etc. | 2016 |
| 300 ## - Descripción física | |
| Extensión | 855 páginas |
| 650 ## - Materia general | |
| Temática (materia general) | LENGUA ESPAÑOLA |
| 650 ## - Materia general | |
| Temática (materia general) | ESPAÑOL |
| 650 ## - Materia general | |
| Temática (materia general) | DICCIONARIOS |
| 942 ## - Punto de acceso adicional KOHA | |
| Tipo de ítem KOHA | Referencia |
| Fuente del sistema de clasificación o colocación | Dewey Decimal Classification |
| Signatura completa | Código de barras | Tipo de ítem |
|---|---|---|
| R 463 D545di | 22593 | Referencia |
| R 463 D545di | 22594 | Referencia |